الإحصاء : ووصف البيانات /

هذا الكتاب يعد بداية منطقية لدراسة علم الإحصائ الذي يقدم خدماته لكافة العلوم الآخرى من خلال وظائفه الأربعة جمع البيانات، وصف البيانات، الإستقرائ، صنع القرارات، والكتاب يعرض وظيفة واحدة هى وصف البيانات....

全面介绍

Saved in:
书目详细资料
主要作者: زايد، مصطفى
格式: 图书
语言:阿拉伯语
出版: القاهرة : [د. ن]، 1989.
版:ط. 2 ؛
主题:
标签: 添加标签
没有标签, 成为第一个标记此记录!

MARC

LEADER 00000nam a22000007a 4500
003 INP
005 20181121004755.0
008 140319s1989 ua kj fr 001 0 ara d
952 |0 0  |1 0  |4 0  |6 519_530000000000000_م_إ  |7 0  |8 arabic_Boo  |9 13146  |a INP  |b INP  |c store  |d 2018-08-14  |l 0  |o 519.53 م إ  |p 014046  |r 2022-03-28 00:00:00  |w 2018-08-14  |y BK  |0 0  |0 0 
999 |c 12815  |d 12815 
017 |a 89/5603  |b مصر.دار الكتب المصرية. 
040 |a EG-INP  |b ara  |c EG-INP 
082 0 4 |a 519.53  |b م إ  |2 21 
100 1 |a زايد، مصطفى. 
245 1 2 |a الإحصاء :   |b ووصف البيانات /   |c مصطفى زايد. 
250 |a ط. 2 ؛   |b طبعة معادة.  
260 |a القاهرة :   |b [د. ن]،   |c 1989. 
300 |a 399 ص. :   |b إيض. ؛   |c 24 سم. 
520 |a هذا الكتاب يعد بداية منطقية لدراسة علم الإحصائ الذي يقدم خدماته لكافة العلوم الآخرى من خلال وظائفه الأربعة جمع البيانات، وصف البيانات، الإستقرائ، صنع القرارات، والكتاب يعرض وظيفة واحدة هى وصف البيانات. 
650 7 |a الإحصاء الوصفي.  |2 qrmak 
650 7 |a الرياضيات التطبيقية.  |2 qrmak 
650 7 |a الإحصاء الكمي.  |2 qrmak 
650 7 |a الرياضيات التطبيقية.  |2 qrmak 
901 |a EGPV3 
902 |a EGPV10 
903 |a original 
942 |c BK  |2 ddc